000 00577nam a2200205Ii 4500
003 JO-AjNU
008 230606s9999||||xx |||||||||||||| ||und||
020 _a0-7615-3522-5
040 _aJO-AjNU
_beng
_erda
_cJO-AjNU
041 _aeng
050 1 4 _aQA76.73.j38.2001
100 3 _aRUSSELL,JOSEPH,
_eauthor
_9851
245 0 0 _aJava programming for the absolute beginner
264 3 1 _aUSA:premier press,2001
300 _a502p
336 _atext
_btxt
_2rdacontent
337 _aunmediated
_bn
_2rdamedia
338 _avolume
_bnc
_2rdacarrier
650 4 _aJava programming
_9852
999 _aE450
_c450
_d450